| 000 | 00415nam a22001817a 4500 | ||
|---|---|---|---|
| 003 | NUST - PNEC | ||
| 005 | 20170116181141.0 | ||
| 008 | 151008b xxu||||| |||| 00| 0 eng d | ||
| 020 | _a- | ||
| 040 | _cLIBRARY | ||
| 082 | _a654.548 AZI | ||
| 100 |
_914667 _aAziz, Quntubuddin |
||
| 245 |
_aThe murder of a state _cQuntubuddin Aziz |
||
| 250 | _a- | ||
| 260 | _c1928 | ||
| 650 | _xGeneral | ||
| 942 |
_2ddc _cBK |
||
| 999 |
_c70492 _d70492 |
||